The Short Happy Life of Francis Macomber / (Record no. 186792)

000 -LEADER
fixed length control field 00958 a2200169 4500
003 - CONTROL NUMBER IDENTIFIER
control field Nust
005 - DATE AND TIME OF LATEST TRANSACTION
control field 20230428073544.0
040 ## - CATALOGING SOURCE
Transcribing agency Nust
082 ## - DEWEY DECIMAL CLASSIFICATION NUMBER
Classification number 808.83,HEM
100 ## - MAIN ENTRY--PERSONAL NAME
Personal name Hemingway, Ernest
9 (RLIN) 45909
245 ## - TITLE STATEMENT
Title The Short Happy Life of Francis Macomber /
Statement of responsibility, etc. Ernest Hemingway
260 ## - PUBLICATION, DISTRIBUTION, ETC.
Place of publication, distribution, etc. London
Name of publisher, distributor, etc. Penguin Books
Date of publication, distribution, etc. 1939
300 ## - PHYSICAL DESCRIPTION
Extent 191:p
505 ## - FORMATTED CONTENTS NOTE
Formatted contents note The Short Happy life of forensics Macabre (Page-7), The Capital of the World (Page-44), Old Man at the Bridge (Page-58), After the Strom (Page-61), A Clean Well Light of the World (Page-73), God Rest You Merry Gentleman (Page-81), The Sea Change (Page-86) A Way You Never be (Page-91), The Mother of a Queen (Page-105), One Reader Writes (Page-110), Homage to The Switzerland (Page-112), A day Wait (Page-126), A Nature History of the Dead (Page-130), Wine of Wyoming (Page-141), The Gambler the Nun and The radio (Page-160) Father and Sons (Page-180).
650 ## - SUBJECT ADDED ENTRY--TOPICAL TERM
Topical term or geographic name entry element short Story
942 ## - ADDED ENTRY ELEMENTS (KOHA)
Source of classification or shelving scheme
Koha item type Fiction
Holdings
Withdrawn status Lost status Source of classification or shelving scheme Damaged status Not for loan Permanent Location Current Location Shelving location Date acquired Shelving control number Total Checkouts Full call number Barcode Date last seen Date last checked out Price effective from Koha item type Public note
          Military College of Signals (MCS) Military College of Signals (MCS) Fiction 12/12/2016 English Literature 1 808.83,HEM MCS29122 04/27/2023 01/31/2023 12/12/2016 Fiction Almirah No.56, Shelf No.6
© 2023 Central Library, National University of Sciences and Technology. All Rights Reserved.